| 000 | 00415nab a2200145Ia 4500 | ||
|---|---|---|---|
| 003 | ES-SlBCS | ||
| 005 | 20210601125448.0 | ||
| 008 | 140529s1980 xxu||||| |||| 00| 0 eng d | ||
| 041 | _aeng | ||
| 100 | 1 |
_aSchmitz, Kenneth L. _950890 |
|
| 245 | 0 | 2 |
_aA Moment of Truth _c Kenneth L. Schmitz |
| 650 | 0 | 4 |
_aVerdad _985938 |
| 773 | 0 |
_tReview of Methaphysics _gvol. 33, nº. 132, 1980, págs. 673-688 _wRev843 |
|
| 942 | _cAR | ||
| 999 |
_c530731 _d530731 |
||